LEADER 01282nam a2200277 i 4500 001 000000245905 003 CaOOAMICUS 005 20151020000000.0 008 151020s1943 it u000 u ita u 013 $a224810 040 $aSeMil$bita 100 1 $aPhilipon, Marie Michel .$0(OLS)http://semarc/name/90373 245 13$aLa dottrina spirituale di suor Elisabetta della Trinità /$cM. M. Philipon ; prefazione del P. Garrigou-Lagrange ; traduz. di Elena Ortalli , suora marcellina. 250 $a2. edizione. 260 $aBrescia :$bMorcelliana,$c1943. 300 $a398 p., [1] p. di tav. ;$c19 cm. 500 $aFondo card. Giovanni Colombo. 600 04$aElisabetta : della Trinità <Élisabeth Catez ; santa ; 1880-1906>.$0(OLS)http://semarc/subject/6860 700 1 $aOrtalli, Elena.$0(OLS)http://semarc/name/38769 700 1 $aGarrigou-Lagrange, Réginald,$c.$0(OLS)http://semarc/name/5500 850 $aSeMil 852 $aSeMil$W1$xVenegono$y1$m3GC II 458$j196251$B196251$CSeMilBibl$Z2$F207062 $8B 941 1 $a3 961 $aLascito: Colombo Card. Giovanni 996 $6245$aLa dottrina spirituale di suor Elisabetta della Trinità$9(OLS)http://semarc/title/128667 996 $6260$aBrescia :$bMorcelliana$9(OLS)http://semarc/publisher/29629 LEADER 00877nas a2200241 i 4500 001 000000199367 003 CaOOAMICUS 005 20110329000000.0 008 110321b2007 it uu u0 0mul r 013 $a178058 020 $a978-88-8455-628-8 040 $aSeMil$bita 245 10$a2007 /$ca cura di Rino Avesani ... [et al.]. 260 $aRoma ; Padova :$bAntenore,$c2007. 300 $aVIII, 318 p., 7. p. di tav. ;$c25 cm. 500 $aContiene : Tavole. 700 1 $aAvesani, Rino.$0(OLS)http://semarc/name/11558 850 $aSeMil 852 $aSeMil$W1$xVenegono$y1$m§ 3N IV 171/7$j252776$B149920$CSeMilBibl$Z2$F161759 $85 961 $aAcquisto: Antenore 996 $6020$a978-88-8455-628-8$9(OLS)http://semarc/number/191725 996 $6245$a2007$9(OLS)http://semarc/title/139856 996 $6260$aRoma ; Padova :$bAntenore$9(OLS)http://semarc/publisher/46680